| 000 | 00374nam a2200145Ia 4500 | ||
|---|---|---|---|
| 999 |
_c532158 _d532158 |
||
| 005 | 20191111140352.0 | ||
| 008 | 190125s9999 xx 000 0 und d | ||
| 040 | _cDLC | ||
| 082 | _a956.1 | ||
| 100 |
_aRaza Ali Abidi _916605 |
||
| 245 | _aTees Saal Baad / تیس سال بعد | ||
| 260 |
_bLahore _aSang-e-Meel Publications _c2012 |
||
| 300 | _ap;230 | ||
| 942 |
_2ddc _cBK |
||